Campeões e Vice-campeões da Primeira Liga de Futebol Portuguesa - Statistics

Estatísticas Gerais
  • Esse quiz foi jogado 152 vezes
  • A pontuação média é 6 de 8
Estatísticas das Respostas
Clube Campeão Vicecampeão TOTAL % Correto
FC Porto 30 29 59 / 90 (65,6%)
99%
SL Benfica 38 30 68 / 90 (75,6%)
99%
Sporting CP 20 22 42 / 90 (46,7%)
99%
SC Braga - 1 1 / 90 (1,1%)
93%
Boavista FC 1 3 4 / 90 (4,4%)
81%
Os Belenenses 1 3 4 / 90 (4,4%)
71%
Vitória de Setúbal - 1 1 / 90 (1,1%)
45%
Académica - 1 1 / 90 (1,1%)
38%
Nenhum quiz correspondente encontrado
Distribuição das Pontuações
Porcentagem de Pessoas com Cada Pontuação
Percentil de Números Respondidos
Sua Pontuação Histórica
Você não jogou esse quiz